Moral Philosophy and Social Ethics / (Record no. 271)
[ view plain ]
| 000 -LEADER | |
|---|---|
| fixed length control field | 00499nam a2200181Ia 4500 |
| 003 - CONTROL NUMBER IDENTIFIER | |
| control field | GBCCL |
| 005 - DATE AND TIME OF LATEST TRANSACTION | |
| control field | 20241126110334.0 |
| 008 - FIXED-LENGTH DATA ELEMENTS--GENERAL INFORMATION | |
| fixed length control field | 161012b xxu||||| |||| 00| 0 eng d |
| 040 ## - CATALOGING SOURCE | |
| Transcribing agency | GBC |
| 082 ## - DEWEY DECIMAL CLASSIFICATION NUMBER | |
| Classification number | 177 |
| Item number | COM |
| 100 ## - MAIN ENTRY--PERSONAL NAME | |
| Personal name | Composta, Dario |
| 9 (RLIN) | 167 |
| 245 ## - TITLE STATEMENT | |
| Title | Moral Philosophy and Social Ethics / |
| Statement of responsibility, etc. | Dario Composta |
| 260 ## - PUBLICATION, DISTRIBUTION, ETC. | |
| Name of publisher, distributor, etc. | Theological Publication in India, |
| Place of publication, distribution, etc. | Bangalore: |
| Date of publication, distribution, etc. | c1988 |
| 300 ## - PHYSICAL DESCRIPTION | |
| Extent | 222p. |
| Dimensions | 21cm. |
| 650 #0 - SUBJECT ADDED ENTRY--TOPICAL TERM | |
| Topical term or geographic name entry element | Philosophy - Moral |
| 9 (RLIN) | 170 |
| 650 #0 - SUBJECT ADDED ENTRY--TOPICAL TERM | |
| Topical term or geographic name entry element | Social Ethics |
| 9 (RLIN) | 171 |
| 942 ## - ADDED ENTRY ELEMENTS (KOHA) | |
| Source of classification or shelving scheme | Dewey Decimal Classification |
| Koha item type | Books |
| Withdrawn status | Lost status | Source of classification or shelving scheme | Damaged status | Not for loan | Home library | Current Library | Shelving location | Date acquired | Total checkouts | Full call number | Barcode | Date last seen | Copy number | Price effective from | Koha item type |
|---|---|---|---|---|---|---|---|---|---|---|---|---|---|---|---|
| Dewey Decimal Classification | GRACE BIBLE COLLEGE | GRACE BIBLE COLLEGE | Philosophy and Religion | 2016-10-12 | 177 COM | 003690 | 2025-05-01 | c.1 | 2016-10-12 | Books |